00543nam a2200169Ia 4500008004100000020001800041041000800059082002000067100003200087245003400119250000600153260004100159300001600200650000900216999001900225952012900244210716s2012 xx 000 0 und d a9788126534159 aeng a330.015195 MADG aMaddala, G S;Lahiri, Kajal. aIntroduction to econometrics. a4 aNew DelhibWiley India Pvt Ltdc2012 axx,634/2016 aNone c209945d209945 001040708MBAaAIMITbAIMITd2017-02-10g789.00l0o330.015195 MADGpMBA12511r2026-05-23 00:00:00v607.53w2021-07-16yBK